00240nam a2200109Ia 4500008004100000100002300041245002000064250000600084260002300090300000900113650000800122191201s2007 xx 000 0 und d aLipschutz, Seymour 0aData Structures a- c2007bTMHaN.Delhi a9.27 aCSE